00388nam a2200145Ia 4500008004100000020001500041041001200056082001600068100001900084245006000103260003600163300000800199650001500207700002000222221030s9999 xx 000 0 und d a812970286X aEnglish a105.23bSin aP. R. N. Sinha 0aIndustrial Relations, Trade Unions & Labour Legislation bPearson EducationaDelhic2004 a632 aManagement aIndu Bala Sinha